01066nac a22002771i 4500003000900000005001700009008004100026040004300067082001700110100004300127245010900170250002000279264005000299264001000349300004500359336002600404337002800430338002700458490005700485504005200542650003400594655001700628942001200645999001500657952011600672EG-ScBUE20241109102522.0241109t1964 nyua f b 001 0 eng d aEG-ScBUEbengerdacEG-ScBUEdEG-ScBUE04a517bRUD2221 aRudin, Walter, eauthor.10aPrinciples of mathematical analysis /cWalter Rudin, Department of Mathematics, University of Wisconsin. aSecond edition. 1aNew York :bMcGraw-Hill Book Company,c[1964] 4cc1964 aix, 270 pages :billustrations ;c23 cm. 2rdacontentatextbtxt aunmediated2rdamediabn avolumebnc2rdacarrier0 aInternational series in pure and applied mathematics aIncludes bibliographical references and index.  7aMathematical analysis.2BUEsh vReading book cBB2ddc c3396d3396 00102ddc40708AlahramaMAINbMAINc1STd2010-04-07ePurchasel0o517 RUDp000030205r2025-07-15 00:00:00yBB